Regions to Countries #2 - Statistics

General Stats
  • This quiz has been taken 145 times
  • The average score is 13 of 18
Answer Stats
Region Country % Correct
Sicily Italy
98%
Tibet China
97%
Transylvania Romania
96%
Flanders Belgium
83%
Guam United States
82%
Sinai Egypt
81%
Tabasco Mexico
81%
Gran Canaria Spain
81%
Åland Finland
75%
Anatolia Turkey
73%
Gotland Sweden
72%
Kamchatka Russia
71%
Tahiti France
70%
Goa India
69%
Hainan China
66%
Friesland Netherlands
58%
Moravia Czech Republic
53%
Burgenland Austria
40%
No matching quizzes found
Score Distribution
Percent of People with Each Score
Percentile by Number Answered
Your Score History
You have not taken this quiz